000 01068nam a22002537a 4500
005 20170707111230.0
010 _a1617EN
020 _a9788131531785
_c475.00
035 _aB-654208-224
035 _aB-667879
037 _adpl
_bTBI
082 _a658.84
100 _aRoberts, Mary Lou
245 _aInternet marketing :
_cby Mary Lou Roberts [and] Debra Zahay
_bintegrating online & offline strategies /
250 _a3rd ed
260 _aDelhi
_bCengage Learning
_c2016 (repr.)
270 _a418,F.I.E.Patparganj
_b Delhi
_e110092
_l-
_m-
300 _axxi,484p.
_c27cm(pbk)
500 _aIncludes index
700 _aZahay, Debra
942 _2ddc
_cEN
_mROB
_h658.84
999 _c102103
_d102103